000
00281 a2200145 4500
001
164176
020
_a
040
_c
Magnum
100
_a
Maia, Fatima
240
1
0
_a
Criar e recrear
_l
por
245
1
0
_a
Criar e recrear
362
0
_a
1899
697
_a
IJ/POESIA
942
_c
BK
999
_c
164176
_d
164176